الحشرات و الزواحف / (رقم التسجيلة. 102104)

تفاصيل مارك
000 -LEADER
fixed length control field 00785nam a22002537a 4500
005 - DATE AND TIME OF LATEST TRANSACTION
control field 20251108173347.0
008 - FIXED-LENGTH DATA ELEMENTS--GENERAL INFORMATION
fixed length control field 250721s1999 xx 000 0 ara d
020 ## - INTERNATIONAL STANDARD BOOK NUMBER
International Standard Book Number 2844095453
082 14 - DEWEY DECIMAL CLASSIFICATION NUMBER
Classification number ط/595.7/للو
100 1# - MAIN ENTRY--PERSONAL NAME
Personal name للويلين، كلير
245 10 - TITLE STATEMENT
Title الحشرات و الزواحف /
246 11 - VARYING FORM OF TITLE
Title proper/short title My best book of creepy crawlies
264 1# - PRODUCTION, PUBLICATION, DISTRIBUTION, MANUFACTURE, AND COPYRIGHT NOTICE
Place of production, publication, distribution, manufacture بيروت :
Name of producer, publisher, distributor, manufacturer الدار العربية للعلوم،
Date of production, publication, distribution, manufacture, or copyright notice 1999.
300 ## - PHYSICAL DESCRIPTION
Extent 32ص. : مص
490 0# - SERIES STATEMENT
Series statement كتابي المفضل
650 17 - SUBJECT ADDED ENTRY--TOPICAL TERM
Topical term or geographic name as entry element نحل العسل
650 17 - SUBJECT ADDED ENTRY--TOPICAL TERM
Topical term or geographic name as entry element العنكبوتيات (صف)
650 17 - SUBJECT ADDED ENTRY--TOPICAL TERM
Topical term or geographic name as entry element الحشرات (صف)
650 17 - SUBJECT ADDED ENTRY--TOPICAL TERM
Topical term or geographic name as entry element العث
653 ## - INDEX TERM--UNCONTROLLED
Uncontrolled term (سنة 14-10) ناشئون صغار
710 2# - ADDED ENTRY--CORPORATE NAME
Corporate name or jurisdiction name as entry element الدار العربية للعلوم
942 ## - ADDED ENTRY ELEMENTS (KOHA)
Source of classification or shelving scheme Dewey Decimal Classification
Koha item type كتب
المقتنيات
حالة السحب حالة الفقدان مصدر التصنيف حالة التلف غير قابل للإعارة المكتبة الرئيسية المكتبة الحالية موقع الرف تاريخ التزويد الرقم المتسلسل Total Checkouts رقم الإستدعاء الباركود تاريخ آخر ظهور تاريخ الفاتورة نوع المادة (كوها)
    Dewey Decimal Classification     مكتبة قتيبة للأطفال مكتبة قتيبة للأطفال الأطفال 20/01/2018 1667214   ط/595.7/للو PLD00416694 28/07/2025 20/01/2018 كتب
    Dewey Decimal Classification     مكتبة أم المؤمنين للأطفال مكتبة أم المؤمنين للأطفال الأطفال 28/07/2025 431323   ط/595.7/للو 431323 28/07/2025 28/07/2025 كتب
    Dewey Decimal Classification     مكتبة الياسمين للأطفال مكتبة الياسمين للأطفال الأطفال 03/04/2014 557689   ط/595.7/للو PLD00297806 28/07/2025 03/04/2014 كتب
    Dewey Decimal Classification     مكتبة بدر الجديدة للأطفال مكتبة بدر الجديدة للأطفال الأطفال 15/09/2015 400842   ط/595.7/للو PLD00347265 28/07/2025 15/09/2015 كتب
Implemented & Customized by: BBB with SCIT (Smart Chains for Information Technology)

Powered by Koha